1171 1984 1806 1681 1490 1383 1759 1442 1344 1873 1220 1758 1026 1122 1606 1855 1640 1554 1246 1206 1361 1701 1541 1063 1586 1009 1149 1563 1145 1612 1111 1529 1306 1196 1318 1289 1992 1798 1132 1419 1797 1525 1196 1121 1774 1093 1201 1636 1706 1059 1235 1702 1338 1760 1360 1189 1608 1102 1803 1146 1958 1461 1863 1666 1930 1591 1074 1391 1793 1883 1330 1308 1787 1743 1635 1165 1129 1752 1723 1560 1144 1818 1444 1631 1359 1388 1586 1628 1107 1962 1259 1336 1752 1380 1506 1128 1090 1869 1154 BCNSPRNW ULIB Ver.6.0+V

เปลี่ยนเป็นภาษาไทย

Change to English
 แสดงรายละเอียดบรรณานุกรม
  กลับหน้าหลัก

Brief Record : Get Marc (ISO 2709) : E-mail record : QR code < ปิดหน้าต่าง
LEADER : 00000nam 2200000uu 4500
001    13399123478
003     ULIB
008    140924s2010||||usa 000 0 eng d
020    ^a9781608316083
041 0  ^aeng
060  4 ^aWY100.4^bW374H
100 1  ^aWeber, Janet.
245 10 ^aHealth assessment in nursing /^cJanet Weber, Jane H.Kelley.
250    ^a4th ed.
260    ^aPhiladelphia :^bWolters Kluwer Health/Lippincott Williams& Wilkins,^c2010.
300    ^axii, 881 p. :^bill. (some col.) ;^c29 cm. +^e1 CD-ROM (4 3/4 in.)
500    ^aLibrary has disc: Nu
504    ^aIncludes bibliographical references and index.
650  0 ^aNursing assessment.
700 1  ^aKelley, Jane,^d1944-
945    ^p0^l0^i20829
999    ^aทศพร เกษรทอง
รายการนี้ยังไม่มีแท็ก
คุณยังไม่ได้ล็อกอิน คุณสามารถมีกิจกรรมร่วมกับเว็บไซต์ได้ แต่ต้องล็อกอินก่อน ::
  ล็อกอิน

รายการสื่อสารสนเทศ

ลำดับที่ ประเภท เลขเรียก/บาร์โค้ด สถานที่ สถานะ
1. Book การพยาบาล
Book การพยาบาล
WY100.4 W374H ฉ.1 
  Barcode: 20829
ห้องสมุดวิทยาเขตนครสวรรค์
►หนังสือทั่วไป:l:General Books
บนชั้น

รายการใกล้เคียง
    หัวเรื่อง [Nursing assessment.]

BibComment


ยังไม่เคยถูกคอมเมนท์

คอมเมนท์ทรัพยากรรายการนี้
  คอมเมนท์: Health assessmen..


 Copyright 2026. Bcnsprnw @Library